|
|
|
|
| LEADER |
00000cam a2200000 7i4500 |
| 001 |
0000000888 |
| 005 |
20001020.0 |
| 020 |
0 |
0 |
|a 983999770X
|
| 090 |
0 |
0 |
|a 639.90959
|b ASE 1994
|
| 110 |
1 |
0 |
|a ASEAN Seminar on the Management and Conservation of Biodiversity
|k 1993
|j Kuala Lumpur
|
| 245 |
1 |
0 |
|a Proceedings of the ASEAN Seminar on the Management and Conservation of Biodiversity, 29 November - 1 December, 1993 Kuala Lumpur, Malaysia
|c edited by Haron Abu Hassan ... [et al.]
|
| 260 |
0 |
0 |
|a Kuala Lumpur :
|b ASEAN Institute of Forest Management ,
|c 1994
|
| 300 |
|
|
|a viii, 264 p. :
|b ill., maps ;
|c 30 cm.
|
| 500 |
0 |
0 |
|a Includes bibliographical references
|
| 650 |
0 |
0 |
|a Biological diversity conservation
|z Asia, Southeastern
|x Congresses
|
| 650 |
0 |
0 |
|a Biological diversity
|z Asia, Southeastern
|x Congresses
|
| 650 |
0 |
0 |
|a Ecosystem management
|z Asia, Southeastern
|x Congresses
|
| 650 |
0 |
0 |
|a Forest dynamics
|z Asia, Southeastern
|x Congresses
|
| 650 |
0 |
0 |
|a Forest ecology
|z Asia, Southeastern
|x Congresses
|
| 700 |
0 |
1 |
|a Haron Abu Hassan ,
|c 1946-
|
| 710 |
1 |
1 |
|a Institut Pengurusan Hutan ASEAN
|
| 999 |
|
|
|a 0000001894
|b Monograph
|c Open Shelf
|e Default branch
|